000
00337nam a2200145Ia 4500
003
OSt
005
20240205110039.0
008
170523s9999 xx 000 0 und d
020
_a
978-0130751515
040
_c
iimt university meerut
100
_a
EVANS- CRAIG R
245
0
_a
MARKETING CHANNELS
260
_b
PRENTICE HA
942
_2
ddc
_c
02
999
_c
293
_d
293